Random Anagrams - US State Capitals - Statistics

General Stats
  • This quiz has been taken 355 times
  • The average score is 5 of 10
Answer Stats
State Capital City % Correct
An Jocks Jackson
87%
Any Lab Albany
85%
LOL U No Hu Honolulu
85%
To Snob Boston
83%
Drove Dover
83%
Ue Juan Juneau
82%
Vender Denver
81%
Fran Kroft Frankfort
80%
Ale Hen Helena
80%
Lat A Ant Atlanta
76%
Gabon Route Baton Rouge
76%
Oak Pet Topeka
76%
As Elm Salem
73%
Ant Safe Santa Fe
70%
As U Gat U Augusta
67%
Sack Brim Bismarck
61%
Doc Corn Concord
61%
Hence Yen Cheyenne
60%
Oxen Hip Phoenix
59%
So I Be Boise
58%
Con Nill Lincoln
58%
Inland Pianos Indianapolis
56%
Is Nomad Madison
56%
Net Torn Trenton
56%
In Slang Lansing
50%
A Hateless L.A. Tallahassee
50%
Hair Gel Raleigh
48%
A Lion Snap Annapolis
47%
R.I.P. Ere Pierre
47%
Ten Gym Room Montgomery
46%
Spatulina Saint Paul
45%
Role Chants Charleston
44%
A Cub Limo Columbia
43%
Briar Shrug Harrisburg
41%
As Unit Austin
39%
For Darth Hartford
39%
In Cosy Cart Carson City
36%
Sumo Club Columbus
35%
Missed One Des Moines
33%
Smart Canoe Sacramento
32%
Oily Map Olympia
30%
First Fence Joy Jefferson City
29%
Nim Chord Richmond
29%
Italy Tackles Salt Lake City
26%
Iron Temple Montpelier
24%
Calamity Hook Oklahoma City
22%
Dig Fern Slip Springfield
21%
Ticket Roll Little Rock
20%
Driven Cope Providence
15%
Ill Shaven Nashville
10%
No matching quizzes found
Score Distribution
Percent of People with Each Score
Percentile by Number Answered
Your Score History
You have not taken this quiz